| 000 | 00570nam a22001817a 4500 | ||
|---|---|---|---|
| 005 | 20251108172906.0 | ||
| 008 | 250721s2004 xx 000 0 ara d | ||
| 082 | 1 | 4 | _a810.09/ قيس |
| 100 | 1 | _aالقيسي، يحيى | |
| 245 | 1 | 0 | _aحمى الكتابة : حوارات في الفكر و الإبداع / |
| 264 | 1 |
_aعمان : _bمنشورات أمانة العاصمة، _c2004. |
|
| 300 | _a301ص. | ||
| 650 | 1 | 7 | _aالأدب العربي |
| 650 | 1 | 7 | _aالنقد الأدبي |
| 650 | 1 | 7 | _aالتحليل الأدبي |
| 942 |
_2ddc _cBK |
||
| 999 |
_c91078 _d91078 |
||